| 000 | 00611nam a22002415a 4500 | ||
|---|---|---|---|
| 001 | 002830 | ||
| 003 | armpunfd | ||
| 005 | 20150622151606.0 | ||
| 008 | 140707s1990####ag############000#0#und#d | ||
| 020 | _a9501405508 | ||
| 080 | _a347.961 Z 99 | ||
| 100 | 1 | _aZinny Mario Antonio. | |
| 245 | 1 | 0 |
_aEl Acto Notarial : _b(Dacion de Fe) / |
| 260 |
_aBuenos Aires : _bDepalma, _c1990. |
||
| 300 | _a136 P. | ||
| 650 | 7 |
_aActa Notarial _2LEMB |
|
| 650 | 7 |
_aEscrituras _2LEMB |
|
| 650 | 7 |
_aInstrumento Publico _2LEMB |
|
| 650 | 7 |
_aNotario _2LEMB |
|
| 651 | _2LEMB | ||
| 945 |
_acd _d2014-07-07 |
||
| 999 |
_c3183 _d233687 |
||